000 00718nam a2200253 i 4500
001 15100
003 ES-MaACL
005 20230906151003.0
007 t|
008 991220s1997 sp ||||1| spa d
020 _a84-493-0341-9
080 _a17:61
080 _a61:17
100 1 _aJonas, Hans.
_966820
245 1 0 _aTécnica, medicina y ética
_b: sobre la práctica del principio de responsabilidad /
_cHans Jonas.
250 _a1ª ed.
260 _aBarcelona :
_bPaidós,
_c1997.
300 _a206 p. ;
_c22 cm.
490 1 _aPaidós básica ;
_v83
650 4 _aBioética.
_910569
830 0 _aPaidós básica ;
_v83
_9178397
852 _aES-MaACL
_jL-22450
_bR.127780
999 _c15100
_d15100